000360296 001__ 360296
000360296 005__ 20250708173144.0
000360296 0247_ $$2EXP:(DE-H253)$$aEXP:(DE-H253)PP-20250101
000360296 035__ $$aEXP:(DE-H253)PP-20250101
000360296 150__ $$aProtein Production Core Facility
000360296 450__ $$aPP$$wd
000360296 5101_ $$0I:(DE-H253)_CSSB-20140311$$aCentre for Structural Systems Biology (CSSB)
000360296 750_7 $$0V:(DE-HGF)4$$2V:(DE-HGF)$$aFacility
000360296 751_7 $$2DE-HGF$$aIGN_4_I:(DE-H253)HAS-User-20120731 [DESY]
000360296 751_7 $$2DE-HGF$$aIGN_4_IMPULSE
000360296 751_7 $$2DE-HGF$$aIGN_4_DKFZ [DKFZ]
000360296 751_7 $$2DE-HGF$$aIGN_4_DZNE [DZNE]
000360296 751_7 $$2DE-HGF$$aIGN_4_GSI [GSI]
000360296 8564_ $$uhttps://www.cssb-hamburg.de/facilities/pp/index_eng.html$$yHomepage
000360296 909CO $$ooai:juser.fz-juelich.de:1043694$$pauthority:Experiment$$pauthority
000360296 909CO $$ooai:juser.fz-juelich.de:1043694
000360296 980__ $$aEXPERIMENT
000360296 980__ $$aAUTHORITY